Sendas oníricas de Singapur: retrato de una metrópolis potemkin o treinta años de tabla rasa

Zapisane w:
Opis bibliograficzny
1. autor: Koolhaas, Rem (Autor)
Format: Książka
Język:hiszpański
Wydane: Barcelona Gustavo Gili 2010
Hasła przedmiotowe:
Etykiety: Dodaj etykietę
Nie ma etykietki, Dołącz pierwszą etykiete!

MARC

LEADER 00000cam a2200000 a 4500
001 UCF2016
003 CL-VaPUC
008 120802e20100000SP |||||||||||||||||spa|d
020 |a 9788425223921 
082 0 4 |a 711  |b KOO  |2 21 
100 |a Koolhaas, Rem  |e author  |9 472666 
245 1 0 |a Sendas oníricas de Singapur: retrato de una metrópolis potemkin o treinta años de tabla rasa 
300 |a 86 p 
942 |c BK 
945 |d 20120802 00:00:00  |a dcastane 
260 |a Barcelona  |b Gustavo Gili  |c 2010 
650 0 |a Urbanismo  |9 255208 
650 0 |a Planificación urbana   |9 258176 
583 |a last modification  |c 20120802 10:35:00  |k Rodrigo Vera 
999 |c 348689  |d 348687 
952 |0 0  |1 0  |4 0  |6 711_000000000000000_KOO_2010  |7 0  |8 A  |9 450827  |a BIBARQ  |b BIBARQ  |d 2019-11-22  |i 4885368  |o 711 KOO 2010  |p 4885368  |r 2025-01-20  |w 2019-11-22  |y BK  |k ARQ